<A> Method of identifying fixed and variable costs

Metódy určovania fixných a variabilných nákladov. Vylúčenie vplyvu štrukturálnych zmien. Zostavenie modelov správania sa variabilných a fixných nákladov. Verifikácia vhodnosti konštruovaného behaviorálneho modelu.

Salvato in:
Dettagli Bibliografici
Autore principale: Biolik, Józef
Altri autori: Fornal, Leslaw
Natura: Capitolo di libro
Lingua:inglese
Soggetti:
Tags: Aggiungi Tag
Nessun Tag, puoi essere il primo ad aggiungerne!!

MARC

LEADER 00000naa a2200000 4500
001 r035391
005 20230918075929.3
041 0 |a eng 
044 |a SK 
245 1 0 |a <A> Method of identifying fixed and variable costs  |c Józef Biolik, Leslaw Fornal 
520 |a Metódy určovania fixných a variabilných nákladov. Vylúčenie vplyvu štrukturálnych zmien. Zostavenie modelov správania sa variabilných a fixných nákladov. Verifikácia vhodnosti konštruovaného behaviorálneho modelu. 
610 2 0 |a náklady fixné 
610 2 0 |a náklady variabilné 
610 2 0 |a vzorce 
610 2 0 |a metodológia 
610 2 0 |a modely 
610 2 0 |a analýza štatistická 
100 1 |a Biolik, Józef 
700 1 |a Fornal, Leslaw